Statistics for Trivia questions: Review

Click here to take the quiz!

General Stats

  • This quiz has been taken 24 times
  • The average score is 4 of 8

Answer Stats

QuestionAnswer% Correct
How many known countries in JetPunk?196
89%
How many teams are in NFL?32
89%
In World Cup 2018, what is the score of the finals?Croatia 2:4 France
67%
What are the top 3 most populated countries? (In order)China, India and USA
56%
How many countries start with S?26
44%
Bosnia and Herzegovina is landlocked. True of false?False
44%
Which city has the most metro stations?Shanghai
33%
Where is the richest country in South America?Chile
11%

Score Distribution

Percentile by Number Answered

Percent of People with Each Score

Your Score History

You have not taken this quiz